[Event "Main Kinzig-ch"]
[Site "Rodenbach"]
[Date "2001.12.07"]
[Round "7"]
[White "Raska, Pavel"]
[Black "Seifert, Norbert"]
[Result "0-1"]
[WhiteElo "1761"]
[BlackElo "1903"]
[PlyCount "72"]
[EventDate "2001.09.21"]
[EventType "swiss"]
[EventRounds "7"]
[EventCountry "GER"]
[SourceTitle "EXT 2003"]
[Source "ChessBase"]
[SourceDate "2002.11.25"]
[SourceVersion "1"]
[SourceVersionDate "2002.11.25"]
[SourceQuality "1"]

1. e4 c5 2. Nf3 a6 3. Nc3 Nc6 4. d4 cxd4 5. Nxd4 Nf6 6. Bc4 e5 7. Nf5 d5 8. Bxd5 Bxf5 9. exf5 Nxd5 10. Qxd5 Qxd5 11. Nxd5 0-0-0 12. Nb6+ Kc7 13. Be3 Nd4 14. 0-0-0 Kxb6 15. c3 Bc5 16. cxd4 exd4 17. Bf4 Rhe8 18. Rhe1 Kc6 19. a3 Kd5 20. b4 Bb6 21. Kb2 Re4 22. Bg3 Rde8 23. f3 Re2+ 24. Kb1 R8e3 25. Rxe2 Rxe2 26. Re1 Rxe1+ 27. Bxe1 Kc4 28. Kc2 Bc7 29. g3 b5 30. f4 h5 31. h4 Bb6 32. Bf2 d3+ 33. Kd1 Bxf2 34. g4 hxg4 35. h5 g3 36. f6 g2 0-1

[Event "Main Kinzig-ch"]
[Site "Rodenbach"]
[Date "2001.11.30"]
[Round "6"]
[White "Mahnke, Joern"]
[Black "Raska, Pavel"]
[Result "1-0"]
[WhiteElo "1764"]
[BlackElo "1761"]
[PlyCount "99"]
[EventDate "2001.09.21"]
[EventType "swiss"]
[EventRounds "7"]
[EventCountry "GER"]
[SourceTitle "EXT 2003"]
[Source "ChessBase"]
[SourceDate "2002.11.25"]
[SourceVersion "1"]
[SourceVersionDate "2002.11.25"]
[SourceQuality "1"]

1. Nf3 Nf6 2. b3 d6 3. d4 g6 4. e3 Bg7 5. Bc4 Bf5 6. Nbd2 Ne4 7. Nxe4 Bxe4 8. Bxf7+ Kd7 9. Ng5 Bf5 10. g4 e6 11. gxf5 Qxg5 12. Bxe6+ Ke7 13. Qf3 Nc6 14. Bd5 Kd7 15. fxg6 hxg6 16. Qf7+ Qe7 17. Bxc6+ bxc6 18. Qxe7+ Kxe7 19. Bd2 c5 20. Bc3 Rh4 21. Rd1 g5 22. Rd3 Rf8 23. dxc5 Bxc3+ 24. Rxc3 Rf5 25. cxd6+ Kxd6 26. Ke2 a5 27. Rd1+ Ke6 28. Rc6+ Ke5 29. Rc5+ Kf6 30. Rxf5+ Kxf5 31. Rd5+ Kg4 32. Rd4+ Kh3 33. Rd5 Rg4 34. Rxa5 Rg2 35. Rf5 Kxh2 36. a4 g4 37. a5 Kg1 38. Ke1 g3 39. fxg3 Rxc2 40. g4 Rc3 41. b4 Rxe3+ 42. Kd2 Re4 43. Kc3 Rxg4 44. a6 Rg8 45. Kc4 Ra8 46. Kb5 Rb8+ 47. Ka5 Kg2 48. Rc5 Rc8 49. a7 Kf3 50. Ka6 1-0

[Event "Main Kinzig-ch"]
[Site "Rodenbach"]
[Date "2001.11.02"]
[Round "4"]
[White "Suchsland, Helmut"]
[Black "Raska, Pavel"]
[Result "0-1"]
[WhiteElo "1748"]
[BlackElo "1761"]
[PlyCount "52"]
[EventDate "2001.09.21"]
[EventType "swiss"]
[EventRounds "7"]
[EventCountry "GER"]
[SourceTitle "EXT 2003"]
[Source "ChessBase"]
[SourceDate "2002.11.25"]
[SourceVersion "1"]
[SourceVersionDate "2002.11.25"]
[SourceQuality "1"]

1. e4 e5 2. Bc4 c6 3. Nf3 d5 4. exd5 e4 5. Ne5 cxd5 6. Bb3 Nf6 7. d4 Nc6 8. Nc3 Bb4 9. 0-0 0-0 10. Bg5 Bxc3 11. bxc3 Re8 12. f4 Qd6 13. Bxf6 gxf6 14. Ng4 Bxg4 15. Qxg4+ Kh8 16. Qh5 Ne7 17. Qxf7 Rg8 18. Rae1 Rg7 19. Qh5 f5 20. Re3 Rag8 21. Rf2 Qa3 22. Qd1 a5 23. c4 dxc4 24. d5 cxb3 25. Rxb3 Qc5 26. Qe2 Rxg2+ 0-1